000
00205 a2200097 4500
001
823
100
_a
Henney,K
245
_a
Electronic components handbook
260
_a
_b
Mcgrawhill
_c
090
_c
415
_d
415
942
_a
NUST-CAE
_c
M
_c
30434
999
_c
235896
_d
235896